Normal view
MARC view
Entry Nombre corporativo
001 - NÚMERO DE CONTROL
- campo de control: 111658
003 - IDENTIFICADOR DE NÚMERO DE CONTROL
- campo de control: OSt
005 - FECHA Y HORA DE LA ÚLTIMA TRANSACCIÓN
- campo de control: 20260324161258.0
008 - ELEMENTOS DE DATO DE LONGITUD-FIJA
- campo de control de longitud fija: 260324|| acz||aabn | a|a d
024 7# - IDENTIFICADOR DE OTROS ESTÁNDARES
- Fuente: Wikidata
- Número estándar o código: Q65948110
040 ## - FUENTE DE CATALOGACIÓN
- Centro catalogador/agencia de origen: M-RABA
110 2# - ENCABEZAMIENTO-NOMBRE DE ENTIDAD CORPORATIVA
- Nombre de entidad corporativa o nombre de jurisdicción como elemento de entrada: Ermita de San Martín de Abendaño (Vitoria)
670 ## - FUENTE DE DATOS ENCONTRADOS
- Cita de la fuente: WWW Wikidata, 24/3/2026
- Información encontrada: (Ermita de San Martín de Abendaño (Vitoria))